[Event "Julian Mazur Memorial"]
[Site "Wellington Chess Club"]
[Date "2022.07.28"]
[Round "1.13"]
[White "Young, Cohen"]
[Black "McConnell, Jack"]
[Result "1-0"]
[WhiteElo "1933"]
[BlackElo "1411"]

1. e4 c5 2. Nf3 e6 3. d4 cxd4 4. Nxd4 Nc6 5. Nc3 a6 6. Be3 Nxd4 7. Qxd4 Ne7 8.
a3 Nc6 9. Qd2 Be7 10. Be2 b5 11. Na2 Bf6 12. c4 bxc4 13. Bxc4 Qa5 14. Nc3 Rb8
15. Rc1 O-O 16. O-O Rd8 17. Rfd1 Ne5 18. Be2 Re8 19. Nd5 Bd8 20. Nb4 Bb7 21.
Rc5 Qa4 22. Rxe5 Bf6 23. Rc5 Bxe4 24. Qxd7 Qxd7 25. Rxd7 Bxb2 26. Nxa6 Bxa3 27.
Nxb8 Bxc5 28. Bxc5 Rxb8 29. f3 Bg6 30. Bb6 h6 31. Rd8+ Rxd8 32. Bxd8 Bc2 33.
Kf2 Kf8 34. Bb5 f6 35. Ke3 Kf7 36. Kd4 Bb3 37. Kc5 e5 38. Bc4+ Bxc4 39. Kxc4
Ke6 40. g4 g6 41. Ba5 f5 42. Bd2 g5 43. gxf5+ Kxf5 44. Kd5 g4 45. fxg4+ Kxg4
46. Kxe5 Kh3 47. Bf4 Kg2 48. Kf6 h5 49. Kg5 1-0

[Event "Julian Mazur Memorial"]
[Site "Wellington Chess Club"]
[Date "2022.07.28"]
[Round "1.14"]
[White "Hupert, Leo"]
[Black "Jackson, Ross"]
[Result "0-1"]
[WhiteElo "1387"]
[BlackElo "1905"]

1. e4 c5 2. Nc3 d6 3. d4 cxd4 4. Qxd4 Nc6 5. Bb5 Bd7 6. Bxc6 Bxc6 7. Be3 Nf6 8.
e5 dxe5 9. Qxd8+ Rxd8 10. f3 b6 11. Rd1 Rxd1+ 12. Kxd1 e6 13. Nge2 Nd5 14. Bf2
Be7 15. a3 O-O 16. Re1 Rd8 17. Kc1 f5 18. Nxd5 exd5 19. Ng3 Bg5+ 20. Kb1 f4 21.
Nf5 Bf6 22. Bh4 Bxh4 23. Nxh4 Re8 24. Nf5 a6 25. Rg1 g6 26. Nh6+ Kg7 27. Ng4 h5
28. Nf2 e4 29. Re1 e3 30. Nd3 g5 31. Nb4 Bb7 32. c3 Kf6 33. Nc2 g4 34. fxg4
hxg4 35. g3 Kf5 36. Rf1 f3 37. Nd4+ Ke4 38. Re1 f2 39. Rf1 a5 40. Ne2 Ba6 41.
c4 Bxc4 42. Nc3+ Kf3 43. Rc1 f1=Q 44. Rxf1+ Bxf1 45. Nxd5 e2 46. Nxb6 e1=Q+ 47.
Ka2 Qe6+ 0-1

[Event "Julian Mazur Memorial"]
[Site "Wellington Chess Club"]
[Date "2022.07.28"]
[Round "1.15"]
[White "Malcolm, Leo"]
[Black "Mavaram, Eashan"]
[Result "1-0"]
[WhiteElo "1873"]
[BlackElo "1352"]

1. e4 e5 2. Nc3 Nf6 3. Nf3 Nc6 4. Nxe5 Nxe5 5. d4 Nc6 6. d5 Ne7 7. e5 Nfg8 8.
d6 Ng6 9. Nb5 cxd6 10. exd6 Qa5+ 11. Bd2 Qxb5 12. Bxb5 Bxd6 13. O-O Be7 14. Re1
Nf6 15. Bg5 O-O 16. h4 h6 17. Bxf6 Bxf6 18. h5 Nh8 19. c3 a6 20. Ba4 b5 21. Bc2
Rb8 22. Qd3 g6 23. hxg6 Nxg6 24. Qg3 Kg7 25. Bxg6 fxg6 26. Qxb8 Bh4 27. g3 Bf6
28. Rad1 d5 29. Qc7+ Kg8 30. Rxd5 Bf5 31. Rxf5 gxf5 32. Re6 Bg7 33. Rxa6 Rf7
34. Qd8+ Kh7 35. Qd5 Rf8 36. Ra7 Rg8 37. Qxf5+ Kh8 38. Qg6 b4 39. cxb4 1-0

[Event "Julian Mazur Memorial"]
[Site "Wellington Chess Club"]
[Date "2022.07.28"]
[Round "1.16"]
[White "Qu, Lucas"]
[Black "Enegbuma, Wallace"]
[Result "0-1"]
[WhiteElo "1272"]
[BlackElo "1844"]

1. e4 c5 2. Nf3 Nc6 3. Bc4 e6 4. Nc3 a6 5. a3 Qc7 6. d3 Nf6 7. O-O Be7 8. Re1
d6 9. Bd2 O-O 10. Ne2 Rd8 11. Ng3 b5 12. Ba2 Bb7 13. Qe2 Nd4 14. Nxd4 cxd4 15.
Rac1 Rac8 16. c3 Qb6 17. cxd4 Qxd4 18. Be3 Qa4 19. Bb6 Re8 20. Bb1 b4 21. Bc2
Qb5 22. Be3 bxa3 23. bxa3 Qa5 24. Rb1 Ba8 25. a4 Rc6 26. Rec1 Rec8 27. Bb3
Rxc1+ 28. Rxc1 Rxc1+ 29. Bxc1 Qc3 30. Qc2 Qxc2 31. Bxc2 Bc6 32. d4 d5 33. e5
Nd7 34. f4 Nb6 35. Bd3 Nc4 36. Bc2 Bb4 37. Ne2 a5 38. Kf2 Nb6 39. Ke3 Nxa4 40.
Bxa4 Bxa4 41. Bd2 Bxd2+ 42. Kxd2 Kf8 43. Nc3 Bc6 44. g3 Ke7 45. Kc2 Kd7 46. Kb3
Kc7 47. Na4 Bxa4+ 48. Kxa4 Kb6 49. h4 h5 50. Ka3 Kb5 51. Kb3 a4+ 52. Kc3 Ka5
53. Kb2 Kb4 54. Ka2 Kc4 55. Ka3 Kxd4 56. Kxa4 Kc3 57. Kb5 d4 58. Kc6 d3 59. Kd7
d2 60. Ke7 d1=Q 61. Kxf7 Qg4 62. Ke7 Kd4 63. Kd6 Qg6 64. Ke7 Kd5 65. Kf8 Qxg3
66. Kg8 Qxh4 67. Kxg7 Qxf4 68. Kg6 h4 69. Kh5 h3 70. Kg6 h2 71. Kh5 Qg3 72. Kh6
Kxe5 73. Kh5 Kf5 74. Kh6 Qg6# 0-1

[Event "Julian Mazur Memorial"]
[Site "Wellington Chess Club"]
[Date "2022.07.28"]
[Round "1.17"]
[White "Aldridge, Alan"]
[Black "Hooper, John"]
[Result "1-0"]
[WhiteElo "1806"]
[BlackElo "1251"]

1. e4 e6 2. d4 d5 3. e5 c5 4. c3 Nc6 5. Nf3 Qb6 6. a3 f6 7. exf6 Nxf6 8. Bd3
Bd7 9. Bc2 O-O-O 10. O-O Bd6 11. b4 cxd4 12. cxd4 e5 13. dxe5 Nxe5 14. Nxe5
Bxe5 15. Ra2 Qc7 16. h3 Qc4 17. Bb3 Qh4 18. Rc2+ Kb8 19. Re1 Bf4 20. Qf3 Bxc1
21. Rexc1 Rc8 22. Bxd5 Rxc2 23. Rxc2 Nxd5 24. Qxd5 Rc8 25. Rxc8+ Kxc8 26. Qg8+
Qd8 27. Qxg7 Bc6 28. Nc3 Qd7 29. Qxd7+ Kxd7 30. f3 Ke6 31. Kf2 b5 32. Ke3 Ke5
33. Ne4 Bxe4 34. fxe4 a6 35. g4 h6 36. h4 1-0

[Event "Julian Mazur Memorial"]
[Site "Wellington Chess Club"]
[Date "2022.07.28"]
[Round "1.18"]
[White "Asher, Bruce"]
[Black "Malcolm, Aidan"]
[Result "0-1"]
[WhiteElo "1060"]
[BlackElo "1782"]

1. e4 e5 2. Nf3 Nc6 3. Bc4 Nf6 4. d3 { I started to strongly regret playing
1...e5. } 4... Bc5 5. h3 h6 6. O-O d6 7. b3 { Limiting the bishop's squares. I
immediately decided to focus on trying to trap the bishop, even if it meant
giving Bruce a very nice position. } 7... a6 { Here we come. } 8. a4 Na5 $6 {
Putting a knight on an undefended square on the rim. What could be better!
Maybe I was planning on repositioning it on a1 via b3? } 9. Nbd2 c6 10. Bb2 b5
11. d4 exd4 12. Bd3 { I didn't trap the bishop, but I did give Bruce a very
nice position. } 12... O-O 13. Nxd4 bxa4 $2 { Hoping for 14.bxa4. Bruce, being
rated higher than -700, didn't oblige. Even if he had played it 14...Qb6
doesn't win a piece like I thought it would due to 15.Nb3. } 14. Rxa4 { Now I
have nicely activated Bruce's rook. You're welcome. } 14... Re8 15. Bc3 { Why
is my knight on a5 again? } 15... Bxd4 16. Bxa5 Bxf2+ $4 { Proof that I am
roughly 2000 points overrated. Oh well, pawns are better than pieces. }  (16...
Bb6 { . } ) 17. Rxf2 Qe7 18. Bc3 { I now realised that pawns are not better
than pieces. } 18... Nd7 19. Bc4 Rf8 20. Qh5 Ne5 21. Bxe5 dxe5 22. Ra5 c5 23.
Nf3 Re8 24. Bd5 Ra7 25. Rxc5 $4 { It took me a solid seven minutes of intense
calculation to work out that I could just take that rook as my rook on a7 was
defending f7. }  (25. Bc6 $5 { was a better way to continue for White, and the
move I was most worried about, as it forces either a trade of bishops on d7 or
wins the e5 pawn after my rook on e8 moves. } ) 25... Qxc5 26. Nxe5 $2 { Now
Black is better. }  (26. Ng5 $1 { was equal as it prevents } 26... Be6) 26...
Be6 { The only move. } 27. Bxe6 $2 { Simplifying the game in my favour. } 27...
Rxe6 (27... fxe6 $4 28. Qxe8+ { would have been in the spirit of the occasion.
} ) 28. Qh4 Qxe5 { Somehow it's Bruce who's now a piece down. } 29. Re2 Rd7 30.
Kf2 Rf6+ 31. Kg1 Rd1+ { I decided that the less pieces I had the less likely I
was to blunder another piece. } 32. Re1 Rxe1+ 33. Qxe1 Qf4 34. Kh1 Qf1+ 35.
Qxf1 Rxf1+ 36. Kh2 Re1 37. c4 Rxe4 38. Kg3 f5 $6 (38... Re3+ { was too good for
me to play, so I decided to move a random pawn instead. } ) 39. c5 Re3+ 40. Kf4
Rxb3 41. Ke5 a5 42. c6 a4 43. c7 Rc3 44. Kd6 a3 45. Kd7 a2 { White resigns.
Bruce played better than me, and was in a way unlucky not to take the point the
way I was playing. If he had promoted I probably would have forgotten about my
rook and played 46...Kh7. } 0-1

[Event "Julian Mazur Memorial"]
[Site "Wellington Chess Club"]
[Date "2022.08.04"]
[Round "2.1"]
[White "Perrin, Brent"]
[Black "Ker, Anthony"]
[Result "0-1"]
[WhiteElo "1965"]
[BlackElo "2428"]

1. e4 c5 2. Nf3 g6 3. d4 cxd4 4. Qxd4 Nf6 5. e5 Nc6 6. Qa4 Nd5 7. Qe4 Ndb4 8.
Bb5 Qa5 9. Nc3 Bg7 10. O-O O-O 11. Bf4 d5 12. exd6 Bf5 13. Qe2 e5 14. Bg3 Nxc2
15. Bxc6 bxc6 16. Rac1 Nd4 17. Qe3 Rfe8 18. Nd2 Rad8 19. Nde4 Bxe4 20. Nxe4 f5
21. d7 Rxd7 22. Nc5 Rd5 23. Nb3 Qxa2 24. Nxd4 Rxd4 25. Qc3 Rc8 26. Qc5 f4 27.
Bh4 e4 28. Ra1 Qd5 29. Qe7 a5 30. Rxa5 Qd7 31. Qa3 h6 32. Be7 f3 33. Ra7 Qg4
0-1

[Event "Julian Mazur Memorial"]
[Site "Wellington Chess Club"]
[Date "2022.08.04"]
[Round "2.2"]
[White "Dive, Russell"]
[Black "Benitez, Edgar"]
[Result "1-0"]
[WhiteElo "2389"]
[BlackElo "1952"]

1. d4 g6 2. c4 d6 3. Nc3 Bg7 4. e4 e5 5. dxe5 Bxe5 6. h4 h5 7. Bg5 Bf6 8. Qd2
Be6 9. O-O-O Nd7 10. f4 Bxg5 11. hxg5 Bg4 12. Be2 Bxe2 13. Ngxe2 Ne7 14. g4 h4
15. Nd4 Nf8 16. Nd5 Nxd5 17. exd5 Nd7 18. Qf2 Kf8 19. Rxh4 Kg7 20. Rdh1 Qe7 21.
Re1 Qd8 22. Rxh8 Qxh8 23. Re7 Nc5 24. Ne6+ Nxe6 25. dxe6 Qh1+ 26. Kd2 Rh8 27.
Qd4+ Kf8 28. Rxf7+ Ke8 29. Rxc7 Rh2+ 30. Kc3 Qe1+ 31. Kb3 Rh3+ 32. Ka4 Qxe6 33.
Rxb7 Qe2 34. Rb8+ Kd7 35. Qxa7+ 1-0

[Event "Julian Mazur Memorial"]
[Site "Wellington Chess Club"]
[Date "2022.08.04"]
[Round "2.3"]
[White "Lyall, Gordon"]
[Black "Winter, Ryan"]
[Result "0-1"]
[WhiteElo "1942"]
[BlackElo "2197"]

1. d4 Nf6 2. c4 e6 3. g3 d5 4. Bg2 Bb4+ 5. Nd2 O-O 6. Nf3 dxc4 7. O-O b5 8. b3
c3 9. Nb1 Bb7 10. a3 Be4 11. Ne1 Bxg2 12. Nxg2 Be7 13. Nxc3 a6 14. Bb2 c5 15.
dxc5 Bxc5 16. Qc2 Nbd7 17. b4 Be7 18. Rfd1 Qc7 19. Rac1 Qb7 20. Nf4 Nb6 21. Ba1
Rac8 22. Qb3 Rc4 23. Rd3 Rfc8 24. Rcd1 h6 25. Qb2 Qc6 26. Qd2 Qb7 27. Qb2 Qc7
28. Qd2 Ne8 29. Qe3 Bg5 30. Nxe6 fxe6 31. Qxe6+ Kh8 32. Ne4 Qc6 33. Nxg5 hxg5
34. Qf7 Rc1 35. Qf8+ Kh7 36. Qf5+ Qg6 37. Qh3+ Kg8 38. Qf1 Qc6 39. Rxc1 Qxc1
40. Rd1 Qxa3 41. Qh3 Qb3 42. Rf1 Qd5 43. e3 Qd7 44. Qh5 Nc4 45. Rd1 Qe7 46. Rd5
Ncd6 47. Rc5 Rxc5 48. bxc5 Nf7 49. Bd4 Qe6 50. Qf3 b4 51. Qa8 g4 52. c6 Qe4 53.
Qxa6 Ng5 54. Qa2+ Kh7 55. Qb2 Qxc6 56. Qb1+ g6 57. h4 Nf3+ 0-1

[Event "Julian Mazur Memorial"]
[Site "Wellington Chess Club"]
[Date "2022.08.04"]
[Round "2.4"]
[White "Archer, Ollie"]
[Black "Young, Cohen"]
[Result "0-1"]
[WhiteElo "2186"]
[BlackElo "1933"]

1. d4 Nf6 2. c4 e6 3. Nc3 Bb4 4. Qc2 O-O 5. a3 Bxc3+ 6. Qxc3 d5 7. Nf3 dxc4 8.
Qxc4 b6 9. g3 Bb7 10. Bg2 Nbd7 11. Bg5 h6 12. Bxf6 Nxf6 13. Rc1 Bd5 14. Qxc7
Qxc7 15. Rxc7 Rfc8 16. Rxc8+ Rxc8 17. Kd2 Ne4+ 18. Ke3 Nd6 19. Ne1 Nc4+ 20. Kf4
g5+ 21. Kg4 Bxg2 22. Nxg2 Nxb2 23. Rb1 Rc2 24. Ne3 Rxe2 25. Kf3 Rd2 26. Ng4 Nc4
27. Nxh6+ Kg7 28. Ng4 f5 29. Ne5 g4+ 30. Kg2 Nxa3 31. Rb3 Nc2 32. Rc3 Kf6 33.
Nc4 Ne1+ 34. Kf1 Rc2 35. Ra3 Nf3 36. Ne5 Nxd4 37. Nd3 a5 38. Ra4 Nf3 39. Kg2 e5
40. Ra1 e4 41. Ne1 Nxe1+ 42. Rxe1 b5 43. Ra1 a4 44. Rb1 a3 45. Rxb5 a2 46. Ra5
e3 47. Ra6+ Kg5 48. h4+ gxh3+ 49. Kxh3 exf2 50. Kg2 f1=B+ 51. Kg1 Bxa6 0-1

[Event "Julian Mazur Memorial"]
[Site "Wellington Chess Club"]
[Date "2022.08.04"]
[Round "2.5"]
[White "Jackson, Ross"]
[Black "Langford, Josh"]
[Result "0-1"]
[WhiteElo "1905"]
[BlackElo "2166"]

1. d4 d5 2. c4 e6 3. g3 a6 4. Bg2 dxc4 5. Nf3 Nc6 6. O-O Rb8 7. b3 cxb3 8. axb3
Nf6 9. Bb2 Be7 10. Nbd2 O-O 11. e4 Nb4 12. e5 Nd7 13. Ne4 c5 14. Qe2 b5 15.
Rfd1 Nd5 16. Rac1 cxd4 17. Nxd4 Bb7 18. Nc6 Bxc6 19. Rxc6 N7b6 20. Ra1 Nb4 21.
Rc3 N6d5 22. Rcc1 Qb6 23. Nc3 Rfd8 24. Nxd5 Nxd5 25. Rd1 Rbc8 26. Be4 g6 27.
Rac1 Bc5 28. Bxd5 exd5 29. Kg2 Qe6 30. f4 d4 31. Qf3 Bb6 32. Rxc8 Qxc8 33. Rc1
Qf5 34. g4 Qd7 35. Ba3 Rc8 36. Qd3 Rxc1 0-1

[Event "Julian Mazur Memorial"]
[Site "Wellington Chess Club"]
[Date "2022.08.04"]
[Round "2.6"]
[White "Van der Hoorn, Thomas"]
[Black "Malcolm, Leo"]
[Result "1-0"]
[WhiteElo "2059"]
[BlackElo "1873"]

1. e4 d5 2. exd5 Nf6 3. d4 c6 4. dxc6 Nxc6 5. Nf3 e5 6. dxe5 Qxd1+ 7. Kxd1 Ng4
8. Be3 Nxe3+ 9. fxe3 Bc5 10. Bb5 Bf5 11. Nbd2 O-O-O 12. Ke2 Nb4 13. e4 Bg4 14.
h3 Bxf3+ 15. Nxf3 Nc6 16. c3 Rhe8 17. Rad1 Rxd1 18. Rxd1 Re7 19. Bxc6 bxc6 20.
b4 Bb6 21. Kd3 Bc7 22. Rf1 Kd7 23. Kc4 Ke8 24. Kc5 Bxe5 25. c4 Bf6 26. Kxc6
Re6+ 27. Kd5 Kd7 28. e5 Bd8 29. Nd4 Re7 30. Nc6 1-0

[Event "Julian Mazur Memorial"]
[Site "Wellington Chess Club"]
[Date "2022.08.04"]
[Round "2.7"]
[White "Enegbuma, Wallace"]
[Black "Forster, Bill"]
[Result "1/2-1/2"]
[WhiteElo "1844"]
[BlackElo "2037"]

1. d4 e6 2. c4 Nf6 3. Nc3 d5 4. Bg5 c6 5. e3 Nbd7 6. Nf3 Be7 7. Bd3 h6 8. Bf4
dxc4 9. Bxc4 b5 10. Bd3 a6 11. O-O O-O 12. a3 c5 13. dxc5 Nxc5 14. Bc2 Bb7 15.
Qe2 Nce4 16. Nxe4 Nxe4 17. Rfd1 Qe8 18. Rd4 Nf6 19. Rad1 Rd8 20. h3 Rxd4 21.
Nxd4 Qa8 22. f3 Rd8 23. Kh1 Nh7 24. Qf2 Bf6 25. Qg3 Kh8 26. Be5 Bxe5 27. Qxe5
Nf6 28. e4 Kg8 29. Qc5 Qc8 30. Qxc8 Bxc8 31. Nc6 Rxd1+ 32. Bxd1 Kf8 33. Kg1 Nd7
34. Kf2 e5 35. Ke3 f6 36. Bb3 Nc5 37. Bc2 Be6 38. b4 Nd7 39. Bd3 Ke8 40. Na5
Nb6 41. Kd2 Kd7 42. Nb7 Kc7 43. Nc5 Bc8 44. Kc3 Kd6 45. Bf1 Nd7 46. Nxd7
1/2-1/2

[Event "Julian Mazur Memorial"]
[Site "Wellington Chess Club"]
[Date "2022.08.04"]
[Round "2.8"]
[White "Tanoi, Edward"]
[Black "Aldridge, Alan"]
[Result "1-0"]
[WhiteElo "1985"]
[BlackElo "1806"]

1. e4 e5 2. Nf3 Nc6 3. Bb5 Bc5 4. O-O Nf6 5. c3 O-O 6. d4 exd4 7. cxd4 Bb6 8.
Bg5 h6 9. Bh4 d6 10. Qd3 a6 11. Ba4 Bd7 12. a3 Re8 13. Nbd2 Nb8 14. Bc2 Bb5 15.
Nc4 Nc6 16. b3 g5 17. Nxg5 hxg5 18. Bxg5 Bxd4 19. Qg3 Kf8 20. Rad1 Bxc4 21.
bxc4 Qd7 22. Qh4 Ng8 23. Rfe1 Bg7 24. c5 Ne5 25. h3 Re6 26. f4 Nc6 27. Bb3 Rae8
28. Bxe6 Qxe6 29. f5 Qc4 30. f6 Qxc5+ 31. Kh1 Qxa3 32. fxg7+ Kxg7 33. Bc1 Qb4
34. Bd2 Qb3 35. Rb1 Qd3 36. Qg5+ Kf8 37. Rxb7 Rxe4 38. Rxe4 Qxe4 39. Rxc7 Nce7
40. Bc3 Qe6 41. Ra7 d5 42. Ra8+ 1-0

[Event "Julian Mazur Memorial"]
[Site "Wellington Chess Club"]
[Date "2022.08.04"]
[Round "2.9"]
[White "Sole, Michael"]
[Black "Darr, Samuel"]
[Result "1-0"]
[WhiteElo "2155"]
[BlackElo "1560"]

1. e4 e6 2. d4 d5 3. e5 c5 4. c3 Nc6 5. Nf3 Qb6 6. Bd3 Bd7 7. dxc5 Bxc5 8. O-O
Qc7 9. Re1 Nge7 10. h4 Ng6 11. Qe2 d4 12. b4 Be7 13. b5 Nd8 14. h5 Nf8 15. cxd4
f6 16. Ba3 Bxa3 17. Nxa3 Qc3 18. Nc4 Nf7 19. Rab1 Ng5 20. Nxg5 Qxd4 21. Nf3 Qc5
22. Rec1 Qe7 23. Nd6+ Kd8 24. Nxb7+ Ke8 25. Nd6+ Kd8 26. Qd2 Rb8 27. Qa5+ Rb6
28. Qxa7 Rxd6 29. Qb8+ 1-0

[Event "Julian Mazur Memorial"]
[Site "Wellington Chess Club"]
[Date "2022.08.04"]
[Round "2.10"]
[White "Chen, Wei Kai"]
[Black "Cooke, Xandi"]
[Result "1/2-1/2"]
[WhiteElo "1968"]
[BlackElo "1530"]

1. e4 c5 2. Nf3 e6 3. Nc3 a6 4. d4 cxd4 5. Nxd4 Qc7 6. Be2 Nc6 7. O-O Nf6 8.
Bg5 Be7 9. Re1 O-O 10. Nf3 b5 11. a3 Bb7 12. Bd3 h6 13. Bh4 Rad8 14. Bg3 Qb6
15. Ne5 Nxe5 16. Bxe5 d5 17. Qf3 dxe4 18. Nxe4 Nxe4 (18... Nd7 19. Bc3 f5 20.
Qg3 e5 21. Nd2 Rf6) 19. Bxe4 Bxe4 20. Rxe4 f6 21. Bc3 Bc5 22. b4 Bd4 23. Bxd4
Rxd4 24. Rae1 e5 25. Rxd4 Qxd4 { Draw Offered and Agreed upon  1/2-1/2} 1/2-1/2

[Event "Julian Mazur Memorial"]
[Site "Wellington Chess Club"]
[Date "2022.08.04"]
[Round "2.11"]
[White "Winsley, Daniel"]
[Black "Asher, Bruce"]
[Result "1-0"]
[WhiteElo "1725"]
[BlackElo "1060"]

1. b4 e6 2. Bb2 Nf6 3. b5 c6 4. a4 cxb5 5. axb5 Bc5 6. e3 d5 7. g4 Qb6 8. Nc3
O-O 9. g5 Ne4 10. Bd3 Nxg5 11. Qg4 Be7 12. h4 f5 13. Qg2 Ne4 14. Nxd5 Bf6 15.
Nxb6 Bxb2 16. Ra2 Nc5 17. Nxa8 Nxd3+ 18. cxd3 Be5 19. Nf3 Bf6 20. Rxa7 Bd7 21.
Rxb7 Rc8 22. Nb6 Rc1+ 23. Ke2 Bxb5 24. Rxb8+ 1-0

[Event "Julian Mazur Memorial"]
[Site "Wellington Chess Club"]
[Date "2022.08.04"]
[Round "2.12"]
[White "Webster, Jamie"]
[Black "Shepherd, Blake"]
[Result "0-1"]
[WhiteElo "1703"]
[BlackElo "1497"]

1. e4 e6 2. d4 d5 3. Nc3 Bb4 4. e5 c5 5. a3 cxd4 6. Qg4 dxc3 7. axb4 cxb2 8. Bxb2 g6 9. Bd3 Bd7 10. Nf3 Qc7 11. h4 h5 12. Qf4 b5 13. Ng5 Nh6 14. Qf6 Rg8 15. O-O Nc6 16. Ra6 Bc8 17. Bxb5 Bxa6 18. Nxe6 fxe6 19. Qxe6+ Kf8 20. Bxa6 Nxb4 21. Ba3 Qb6 22. Bxb4+ Qxb4 23. Qxd5 Kg7 24. Qd7+ Kh8 25. e6 Rg7 26. Qc6 Rb8 27. Bd3 Qxh4 28. c4 Ng4 29. Qd6 Rd8 30. Qf4 Rxd3 31. f3 Rd4 32. Qb8+ Rg8 33. Qc7 Rg7 34. Qb8+ Rd8 35. Qf4 g5 36. e7 Rxe7 0-1

[Event "Julian Mazur Memorial"]
[Site "Wellington Chess Club"]
[Date "2022.08.04"]
[Round "2.13"]
[White "Ulm, Joy"]
[Black "Brockway, Andrew"]
[Result "0-1"]
[WhiteElo "1500"]
[BlackElo "1686"]

1. d4 d5 2. c4 e6 3. Nc3 c6 4. Bf4 Nf6 5. Nf3 Nbd7 6. e3 Be7 7. Bd3 O-O 8. Qc2
dxc4 9. Bxc4 b5 10. Bd3 a6 11. O-O Bb7 12. Ne4 Nxe4 13. Bxe4 Nf6 14. Rac1 Rc8
15. Ne5 Nxe4 16. Qxe4 Qe8 17. Rc2 Ba8 18. Rfc1 c5 19. Qd3 c4 20. Qe2 Be4 21.
Rd2 Bb4 22. Rdd1 f6 23. Ng4 Qg6 24. a3 Ba5 25. Bd6 Rfd8 26. Bb4 Bxb4 27. axb4
h5 28. f3 Bd3 29. Ne5 fxe5 30. Qf2 exd4 31. exd4 Qf6 32. Qe3 Rxd4 33. b3 Rcd8
34. Rc3 Bh7 35. Rxd4 Qxd4 36. Qxd4 Rxd4 37. bxc4 Rxc4 38. Ra3 Rxb4 39. Rxa6 Kf7
40. Rb6 Rb2 41. h3 Bd3 0-1

[Event "Julian Mazur Memorial"]
[Site "Wellington Chess Club"]
[Date "2022.08.04"]
[Round "2.14"]
[White "Scott, Callum"]
[Black "Lavender, Ariel"]
[Result "0-1"]
[WhiteElo "1653"]
[BlackElo "1486"]

1. e4 c5 2. Nf3 d6 3. d4 cxd4 4. Nxd4 Nf6 5. Nc3 a6 6. h3 e5 7. Nf3 Be6 8. Ng5
Be7 9. Nxe6 fxe6 10. Be3 Nbd7 11. Qd2 b5 12. a3 Nb6 13. g4 O-O 14. Be2 d5 15.
Bxb6 Qxb6 16. exd5 Nxd5 17. Nxd5 Qxf2+ 18. Kd1 Rad8 19. Nxe7+ Kh8 20. Bd3 Qf3+
21. Qe2 Qxh1+ 22. Kd2 Qxa1 23. Qxe5 Rf2+ 24. Kc3 Rxd3+ 25. Kb4 a5+ 26. Kxb5 Rd8
27. Qc3 Qxb2+ 28. Qxb2 Rb8+ 29. Kxa5 Rxb2 30. Nc6 Rf8 31. Ka6 Ra8+ 32. Na7
Rxa7+ 0-1

[Event "Julian Mazur Memorial"]
[Site "Wellington Chess Club"]
[Date "2022.08.04"]
[Round "2.15"]
[White "McConnell, Jack"]
[Black "Farrington, Lawrence"]
[Result "1-0"]
[WhiteElo "1411"]
[BlackElo "1602"]

1. d4 d6 2. e4 g6 3. Nc3 Bg7 4. Bg5 Nf6 5. e5 dxe5 6. dxe5 Ng8 7. Qxd8+ Kxd8 8.
O-O-O+ Bd7 9. Nf3 c6 10. Bc4 Ke8 11. Rhe1 e6 12. Ne4 Bf8 13. Nd6+ Bxd6 14. Rxd6
Ne7 15. b4 b5 16. Bd3 Na6 17. a3 Nc7 18. Re4 Ncd5 19. Bxe7 Kxe7 20. c4 bxc4 21.
Bxc4 a6 22. Rh4 h5 23. Nd4 Rhc8 24. f4 Ne3 25. Bb3 c5 26. bxc5 Rxc5+ 27. Kd2
Nc4+ 28. Bxc4 Rxc4 29. Rh3 Rb8 30. Nb3 Rc6 31. Rxc6 Bxc6 32. Rc3 Bd5 33. Kc2
Ra8 34. g3 a5 35. Rc7+ Kf8 36. Nd4 a4 37. Nc6 Bxc6 38. Rxc6 Ra7 39. Rb6 Ke7 40.
Kc3 f6 41. Kb4 fxe5 42. fxe5 Rd7 43. Kxa4 Rd2 44. h3 Rd3 45. Rb3 Rd5 46. Re3
Kd7 47. Kb4 Kc6 48. Rc3+ Kb6 49. Re3 Rd4+ 50. Kc3 Rd5 51. Kc4 Rc5+ 52. Kd4 Rd5+
53. Ke4 g5 54. h4 gxh4 55. gxh4 Kc5 56. Kf4 Rd4+ 57. Re4 Kd5 58. Rxd4+ Kxd4 59.
a4 Kc5 60. Ke4 Kb4 61. Kd4 Kxa4 62. Kc5 Ka5 63. Kd6 Kb6 64. Kxe6 Kc6 65. Ke7
Kc7 66. e6 1-0

[Event "Julian Mazur Memorial"]
[Site "Wellington Chess Club"]
[Date "2022.08.04"]
[Round "2.16"]
[White "Jones, Christopher"]
[Black "Hupert, Leo"]
[Result "1-0"]
[WhiteElo "1574"]
[BlackElo "1387"]

1. e4 e5 2. Nf3 Nf6 3. Nxe5 Nc6 4. Nxc6 dxc6 5. d3 Bc5 6. Be2 Be6 7. Be3 Bxe3
8. fxe3 h5 9. Nc3 Ng4 10. Qd2 Qg5 11. Bxg4 hxg4 12. g3 O-O-O 13. O-O-O b5 14.
Ne2 Qc5 15. Nd4 Bxa2 16. b4 Qb6 17. c4 Qa6 18. Nxc6 Qxc6 19. Qxa2 Kb7 20. c5
Qf6 21. d4 Qf3 22. Rde1 Rd7 23. e5 Re7 24. Rhf1 Qe4 25. Rf4 Qd3 26. Qc2 Qxc2+
27. Kxc2 Rxh2+ 28. Kd3 f6 29. exf6 gxf6 30. Rxg4 Ra2 31. Rf4 Ra3+ 32. Kc2 Rh7
33. Re2 Rh6 34. g4 a5 35. d5 axb4 36. Rxb4 c6 37. d6 Rg6 38. Rf4 b4 39. Rxb4+
Kc8 40. Kd2 Ra5 41. Rc4 Kd7 42. Rf2 Rg5 43. Rf5 Ra2+ 44. Kd3 Ra3+ 45. Ke2 Rg6
46. Kf3 Rd3 47. Ra4 Rh6 48. Rh5 Rxh5 49. gxh5 Rd5 50. Rh4 Rxc5 51. h6 Re5 52.
h7 Re8 53. h8=Q Rxh8 54. Rxh8 Kxd6 55. Re8 c5 56. Kf4 Kd5 57. Kf5 Kc4 58. Kxf6
Kd3 59. e4 c4 60. e5 c3 61. Rc8 c2 62. e6 Kd2 63. e7 c1=Q 64. Rxc1 Kxc1 65.
e8=R 1-0

[Event "Julian Mazur Memorial"]
[Site "Wellington Chess Club"]
[Date "2022.08.04"]
[Round "2.17"]
[White "Mavaram, Eashan"]
[Black "Paino, Roberto"]
[Result "1-0"]
[WhiteElo "1352"]
[BlackElo "1574"]

1. e4 e5 2. Nf3 Nc6 3. d4 exd4 4. Nxd4 Nxd4 5. Qxd4 d6 6. Nc3 Ne7 7. Bc4 Nc6 8.
Bb5 Bd7 9. Bxc6 Bxc6 10. Be3 Qe7 11. f3 Qf6 12. Qd2 h6 13. O-O-O Be7 14. Nd5
Bxd5 15. Qxd5 O-O 16. h4 c6 17. Qd2 Qe6 18. Kb1 a5 19. g4 g6 20. Bxh6 Rfd8 21.
h5 d5 22. hxg6 fxg6 23. Qh2 dxe4 24. Bd2 e3 25. Qh8+ Kf7 26. Rh7# 1-0

[Event "Julian Mazur Memorial"]
[Site "Wellington Chess Club"]
[Date "2022.08.04"]
[Round "2.18"]
[White "Hampshire, Thomas"]
[Black "Qu, Lucas"]
[Result "1-0"]
[WhiteElo "1500"]
[BlackElo "1272"]

1. e4 e5 2. Nf3 Nc6 3. Bc4 Bc5 4. c3 Nf6 5. d4 exd4 6. e5 Ng4 7. cxd4 Bb4+ 8.
Bd2 Bxd2+ 9. Qxd2 d5 10. Bb3 O-O 11. O-O b6 12. h3 Nh6 13. Nc3 Be6 14. Rac1 a6
15. Ng5 f6 16. Nxe6 Qe7 17. Nxf8 Rxf8 18. Bxd5+ Kh8 19. Bxc6 fxe5 20. Rfe1 Qf6
21. Bf3 exd4 22. Ne2 c5 23. b4 cxb4 24. Qxd4 Qe6 25. Qxb4 Rb8 26. Rc6 Qxa2 27.
Rxb6 Rxb6 28. Qxb6 Kg8 29. Qd8+ Kf7 30. Bd5+ Qxd5 31. Qxd5+ Kf8 32. Nf4 1-0